00722nam a22002177a 450000500170000001000130001702000210003003500130005103700160006404000120008008200170009210000200010924501050012926000480023427000440028230000340032650000510036065000440041165000240045570000250047920170124110055.0 aA-680516 c00.00a817024577 aA-680516 bCen Lib/Ret aDPLbEN a615.942bJEN aJena, Indramani aSnakes of medical importance and snake-bite treatment /cby Indramani Jena [and] Akulananda Sarangi  aNew Delhi bAshish Publishing House c1993  bNew Delhi a8/81, punjabi bagh e110026 axxxv, 293p. ;c21cm(Hb)bill. aIncludes bibliographical references and index  aMedical science xsnake-bite treatment  aMedical importance  aSarangi, Akulannada